000 00387nam a2200157Ia 4500
003 LK-CoDNM
008 010623t1892 xxu||||| |||| 00| 1 eng d
040 _aLK-CoDNM
_dLK-CoDNM
_eLK-CoDNM
041 _aeng
080 _a14 H 23
245 _aCeylon Household Register : Published Weekly
260 _bA.M J.Ferguson
_aColombo
_c1892
300 _b cm
650 _aGhost
942 _cBK
999 _c83477
_d83477